Conclusiones generales/
Guardat en:
| Autor principal: | |
|---|---|
| Format: | Text |
| Idioma: | Spanish |
| Matèries: | |
| Etiquetes: |
Afegir etiqueta
Sense etiquetes, Sigues el primer a etiquetar aquest registre!
|
MARC
| LEADER | 00000 a a2200000 04500 | ||
|---|---|---|---|
| 001 | 147 | ||
| 003 | cru CIDCACS/IIS | ||
| 005 | 20190903110321.0 | ||
| 008 | 190903b ||||| |||| 00| 0 spa d | ||
| 999 | |c 26818 |d 26818 | ||
| 040 | |c cru CIDCACS/IIS | ||
| 100 | 1 | |9 8493 |a Duarte, Ana Virginia | |
| 245 | 1 | |a Conclusiones generales/ |c Ana Virginia Duarte, | |
| 300 | |a páginas 111-140 | ||
| 650 | |a FAMILIA | ||
| 650 | |a DERECHOS HUMANOS | ||
| 650 | |a POBREZA | ||
| 650 | |a DESARROLLO ECONOMICO Y SOCIAL | ||
| 650 | |a ENSEÑANZA | ||
| 650 | |a GRUPOS ETNICOS | ||
| 650 | |a TRABAJO SOCIAL | ||
| 650 | |a CONFERENCIAS | ||
| 650 | |a NEOLIBERALISMO | ||
| 650 | |a VIOLENCIA | ||
| 650 | |a SOCIEDAD CIVIL | ||
| 942 | |2 ddc |c PP | ||
| 773 | 0 | |0 18808 |9 3132 |a Asociación Latinoamericana de Escuelas de Trabajo Social |d Lima, Perú |o 02711 |t REVISTA ACCIÓN CRÍTICA | |
